01534nam a2200361 a 4500001001000000003000500010005001700015008004100032010001100073011001100084040000900095090001000104100003600114245015400150260004100304500006000345502007500405590004000480590004000520590004000560590004000600650003600640650003600676650004300712650002900755856007000784901000700854942001000861942000600871999001900877952013600896952014001032000111377CHAP20220329144208.0150406s2015 mx a fsm |||||||spa d a107839 a108811 cCHAP aTesis1 aGonzaga Matias, Cecilio912924110aAspectos técnicos del proceso de producción lechero de ovejas, Rancho San José María, Querétaro.h[En línea]cpor Cecilio Gonzaga Matias. aChapingo, Méx. :bEl autor,c2015. aPara ver el contenido del material haga clic en la liga aTesis (Ing. Agr. Esp. en Zootecnia) -- UACH. Departamento de Zootecnia aE5995AHEb05c20150406lUCH01h0930 aE5995AHEb05c20150406lUCH01h0930 aE5995AHEb05c20150406lUCH01h0933 aE5995AHEb05c20150414lUCH01h130614aGanado lanarxCría de.94516714aGanado lanarxQueretaro.94521614aGanado lecheroxAlimentación.94523814aQuesoxProcesado.993233 aFinding aiduhttp://10.13.5.2/tesis/sist111377.pdfzTeclea aquí aBK cTESIS n0 c107839d107839 00104054718TESISaBCbBCd2015-04-06fTESISl0oTesisp33724002480561r2019-12-31 00:00:00w2019-12-31yTESISzRecien adquirido 00102local4053708TESISaBCbBCcPA_TESISd2015-04-06fTESISl0oTesisp33724002480603r2019-12-31 00:00:00tc.2w2019-12-31yTESIS